Marketing research : tools & techniques / (Record no. 720)
| 000 -LEADER | |
|---|---|
| fixed length control field | 00614cam a2200217 a 4500 |
| 001 - CONTROL NUMBER | |
| control field | 15975904 |
| 003 - CONTROL NUMBER IDENTIFIER | |
| control field | OSt |
| 005 - DATE AND TIME OF LATEST TRANSACTION | |
| control field | 20140116120836.0 |
| 008 - FIXED-LENGTH DATA ELEMENTS--GENERAL INFORMATION | |
| fixed length control field | 091106s2010 enka b 001 0 eng |
| 020 ## - INTERNATIONAL STANDARD BOOK NUMBER | |
| International Standard Book Number | 9780199564347 |
| 040 ## - CATALOGING SOURCE | |
| Transcribing agency | DLC |
| 050 00 - LIBRARY OF CONGRESS CALL NUMBER | |
| Classification number | HF5415.2.B73 2010 |
| 100 1# - MAIN ENTRY--PERSONAL NAME | |
| Personal name | Bradley, Nigel, |
| Dates associated with a name | 1958- |
| 245 10 - TITLE STATEMENT | |
| Title | Marketing research : tools & techniques / |
| Statement of responsibility, etc | Nigel Bradley. |
| 250 ## - EDITION STATEMENT | |
| Edition statement | 2nd ed. |
| 260 ## - PUBLICATION, DISTRIBUTION, ETC. (IMPRINT) | |
| Place of publication, distribution, etc | Oxford : |
| Name of publisher, distributor, etc | Oxford University Press, |
| Date of publication, distribution, etc | 2010. |
| 300 ## - PHYSICAL DESCRIPTION | |
| Extent | xx, 527 p. : |
| Other physical details | col. ill. |
| 504 ## - BIBLIOGRAPHY, ETC. NOTE | |
| Bibliography, etc | Includes bibliographical references and index. |
| 650 #0 - SUBJECT ADDED ENTRY--TOPICAL TERM | |
| Topical term or geographic name as entry element | Marketing research. |
| 942 ## - ADDED ENTRY ELEMENTS (KOHA) | |
| Source of classification or shelving scheme | |
| Koha item type | Book |
| Withdrawn status | Lost status | Source of classification or shelving scheme | Damaged status | Not for loan | Home library | Current library | Date acquired | Source of acquisition | Total Checkouts | Full call number | Barcode | Date last seen | Date checked out | Copy number | Price effective from | Koha item type | Total Renewals |
|---|---|---|---|---|---|---|---|---|---|---|---|---|---|---|---|---|---|
| Riara University Library | Riara University Library | 27/10/2011 | Purchase | 2 | HF5415.2.B73 2010 | 1668/11 | 16/06/2015 | 05/06/2015 | C.1 | 27/10/2011 | Book | ||||||
| Riara University Library | Riara University Library | 27/10/2011 | Purchase | 2 | HF5415.2.B73 2010 | 1669/11 | 12/08/2013 | 18/07/2013 | C.2 | 27/10/2011 | Book | ||||||
| Riara University Library | Riara University Library | 27/10/2011 | Purchase | 5 | HF5415.2.B73 2010 | 1667/11 | 23/01/2020 | 19/09/2019 | C.3 | 27/10/2011 | Book | 1 |
